| 000 | 00578nam a22002057a 4500 | ||
|---|---|---|---|
| 999 |
_c7564 _d7564 |
||
| 003 | OSt | ||
| 005 | 20211202135036.0 | ||
| 008 | 211202b ||||| |||| 00| 0 eng d | ||
| 020 | _a0273638408 | ||
| 040 | _cDDC | ||
| 082 | _a657,FRA 1999 | ||
| 100 |
_aWood, Frank; Alan ,Sangster _915478 |
||
| 245 | _aBusiness accounting. | ||
| 250 | _aEighth edition | ||
| 260 |
_aLondon : _bFinancial Times Pitman Publishing; _c1999 |
||
| 300 |
_a2 volumes : _b illustrations ; _c 25 cm. |
||
| 504 | _aIncludes index. | ||
| 650 |
_aCorporations -- Accounting. _915479 |
||
| 942 |
_2ddc _cBOOK |
||